Criminalidad y discurso en Costa Rica: reflexiones críticas sobre un problema social /
El libro analiza desde una perspectiva histórica el discurso público y politico sobre la criminalidad, explicando la construcción de la criminalidad como problema social en Costa Rica, las transformaciones de este discurso en las últimas décadas, las prácticas sociales que se deducen de este discurs...
Պահպանված է:
| Հիմնական հեղինակ: | |
|---|---|
| Այլ հեղինակներ: | |
| Ձևաչափ: | Անհայտ |
| Լեզու: | Spanish |
| Հրապարակվել է: |
San José, Costa Rica :
FLACSO ; Rosa Luxemburg Stiftung
2012
|
| Խորագրեր: | |
| Ցուցիչներ: |
Ավելացրեք ցուցիչ
Չկան պիտակներ, Եղեք առաջինը, ով նշում է այս գրառումը!
|
MARC
| LEADER | 00000 a2200000 04500 | ||
|---|---|---|---|
| 001 | 44352 | ||
| 003 | cru CIDCACS/IIS | ||
| 005 | 20230707102856.0 | ||
| 008 | 050704s2012 cr spa d | ||
| 020 | |a 978-9977-68-245-7 | ||
| 040 | |c CRAI/IIS | ||
| 090 | |a 02.04.02 H898c | ||
| 100 | |a Huhn, Sebastian | ||
| 245 | |a Criminalidad y discurso en Costa Rica: |b reflexiones críticas sobre un problema social / |c Sebastian Huhn ; traducido del alemán por Anne Stahn | ||
| 260 | |a San José, Costa Rica : |b FLACSO ; Rosa Luxemburg Stiftung |c 2012 | ||
| 300 | |a 182 páginas : tablas, gráficos, fotos | ||
| 520 | |a El libro analiza desde una perspectiva histórica el discurso público y politico sobre la criminalidad, explicando la construcción de la criminalidad como problema social en Costa Rica, las transformaciones de este discurso en las últimas décadas, las prácticas sociales que se deducen de este discurso, y las formas con las cuales pueden evaluarse estas prácticas desde las ciencias sociales. Además, aporta de forma teórica a conceptos como la criminalidad, la inseguridad y el miedo; y ejemplifica dicha situación, por medio de un análisis de las estadisticas sobre la criminalidad costarricense. | ||
| 590 | |a DISEMINAR122012 | ||
| 650 | |a CRIMINALIDAD | ||
| 650 | |a DELINCUENCIA | ||
| 650 | |a SEGURIDAD CIUDADANA | ||
| 650 | |a VIOLENCIA | ||
| 650 | |a IMAGINARIO SOCIAL | ||
| 650 | |a PROBLEMAS SOCIALES | ||
| 650 | |a DATOS ESTADISTICOS | ||
| 650 | |a COSTA RICA | ||
| 700 | |a Stahn, Anne | ||
| 942 | |2 ddc |c LI |h 02.04.02 H898c |i 14046 |6 020402_H898C_14046 | ||
| 999 | |c 11475 |d 11475 | ||



